1393 1532 1710 1690 1159 1914 1844 1572 1373 1231 1683 1734 1960 1088 1613 1612 1273 1256 1300 1358 1333 1073 1953 1273 1939 1041 1524 1508 1389 1601 1096 1007 1355 1353 1211 1115 1984 1721 1835 1263 1498 1394 1080 1505 1498 1472 1318 1965 1744 1330 1029 1499 1635 1950 1215 1243 1517 1736 1539 1067 1346 1631 1019 1338 1914 1719 1114 1957 1438 1219 1118 1366 1098 1233 1342 1674 1841 1353 1901 1623 1360 1758 1559 1223 1620 1650 1904 1372 1118 1640 1907 1148 1619 1606 1193 1335 1571 1026 1806 BCNSPRNW ULIB Ver.6.0+V

เปลี่ยนเป็นภาษาไทย

Change to English
 แสดงรายละเอียดบรรณานุกรม
  กลับหน้าหลัก

Brief Record : Get Marc (ISO 2709) : E-mail record : QR code < ปิดหน้าต่าง
LEADER : 00000nam 2200000uu 4500
001    13399126729
003     ULIB
008    020711s2019 th a 000 0 eng d
020    ^a9781496375148
060    ^aQZ267^bC426C
100    ^aChabner, Bruce A.
245    ^aCancer Chemotherapy, Immunotherapy and Biotherapy
250    ^a6th ed
260    ^aPhiladelphia :^bWolters Kluwer,^c2019
300    ^a640 pages;^b30 cm
650    ^aNeoplasms^xDrug Therapy
650    ^aAntineoplastic Agents^xtherapeutic use
650    ^aBiological Products^xtherapeutic use
650    ^aNeoplasms^xtherapy
945    ^p7811^l0^i005391
999    ^aประนอม เกษจรัล
รายการนี้ยังไม่มีแท็ก
คุณยังไม่ได้ล็อกอิน คุณสามารถมีกิจกรรมร่วมกับเว็บไซต์ได้ แต่ต้องล็อกอินก่อน ::
  ล็อกอิน

รายการสื่อสารสนเทศ

ลำดับที่ ประเภท เลขเรียก/บาร์โค้ด สถานที่ สถานะ
1. วิทยาศาสตร์การแพทย์ และสุขภาพ
หนังสือสำรอง
สถานะ=หนังสือสำรอง
QZ267 C426C ฉ.1 
  Barcode: 005391
ห้องสมุดวิทยาเขตสวรรค์ประชารักษ์
►หนังสือทั่วไป
บนชั้น

BibComment


ยังไม่เคยถูกคอมเมนท์

คอมเมนท์ทรัพยากรรายการนี้
  คอมเมนท์: Cancer Chemother..


 Copyright 2026. Bcnsprnw @Library